Т. 195 : Итоги разработки некоторых научных направлений в Томском политехническом институте (в связи с его 75-летием); Известия Томского политехнического института [Известия ТПИ]

Dettagli Bibliografici
Parent link:Известия Томского политехнического института [Известия ТПИ]/ Томский политехнический институт (ТПИ). Т. 195 : Итоги разработки некоторых научных направлений в Томском Политехническом институте (в связи с его 75-летием).— , 1944-1976
Lingua:russo
Pubblicazione: Изд-во Томского ун-та, 1974
Soggetti:
Natura: Libro
KOHA link:https://koha.lib.tpu.ru/cgi-bin/koha/opac-detail.pl?biblionumber=221848

MARC

LEADER 00000nam2a2200000 4500
001 221848
005 20231031195830.0
035 |a (RuTPU)RU\TPU\book\242029 
035 |a RU\TPU\book\241570 
090 |a 221848 
100 |a 20120915d1974 k y0rusy50 ca 
101 0 |a rus 
102 |a RU 
105 |a a z 000zy 
200 0 |a Т. 195 : Итоги разработки некоторых научных направлений в Томском политехническом институте (в связи с его 75-летием) 
210 |c Изд-во Томского ун-та  |d 1974 
215 |a 133 с.  |c рис., граф., схемы, табл., черт. 
461 1 |0 (RuTPU)RU\TPU\book\200995  |t Известия Томского политехнического института [Известия ТПИ]  |f Томский политехнический институт (ТПИ)  |v Т. 195 : Итоги разработки некоторых научных направлений в Томском Политехническом институте (в связи с его 75-летием)  |d 1944-1976 
601 0 2 |a Томский политехнический институт (ТПИ)  |c (1944-1991)  |2 stltpush  |3 (RuTPU)RU\TPU\col\1123 
610 1 |a научные исследования 
610 1 |a научные разработки 
610 1 |a электронные ускорители 
610 1 |a создание 
610 1 |a внедрение 
610 1 |a бетатроны 
610 1 |a торф 
610 1 |a химико-металлургическое использование 
610 1 |a термостойкая керамика 
610 1 |a получение 
610 1 |a амальгамная полярография 
610 1 |a гидрогеохимические исследования 
610 1 |a кристаллы 
610 1 |a строение 
610 1 |a земные недра 
610 1 |a электрические разряды 
610 1 |a ударные генераторы-накопители 
610 1 |a труды учёных ТПУ 
675 |a 62  |v 3 
801 1 |a RU  |b 63413507  |c 20090209  |g PSBO 
801 2 |a RU  |b 63413507  |c 20220322  |g PSBO 
942 |c BK